| 000 | 00832nam a2200205Ia 4500 | ||
|---|---|---|---|
| 003 | GCL | ||
| 008 | 140319s9999 xx 000 0 ara d | ||
| 040 |
_aGCL / _cGCL |
||
| 082 | 0 | 4 |
_a683.8 _bع ص |
| 100 | 1 | _aعبدالكريم درويش | |
| 245 | 1 | 0 |
_aالصناعات الكيميائية التجارية 500 مركب كميائى : _bما يجب ان تعرفه مواد تجميل اموادلها المنظفات والصابون / _cعبدالكريم درويش |
| 260 |
_a[S.N] : _bدار المعرفة ، _c1988 |
||
| 300 |
_a223ص ؛ _c24سم |
||
| 650 | 0 | 4 | _aالمنظفات |
| 650 | 0 | 4 | _aالصناعات الكيميائية |
| 650 | 0 | 4 | _aالمواد اللاصقة |
| 650 | 0 | 4 | _aالمنظفات الصناعية |
| 650 | 0 | 4 | _aمستحضرات التجميل - صناعة وتجميل |
| 942 |
_2ddc _cBK |
||
| 999 |
_c52968 _d52968 |
||